Great Literature #25 - Statistics

General Stats
  • This quiz has been taken 186 times
  • The average score is 13 of 20
Answer Stats
Hint Explanation Answer % Correct
C. S. Lewis 1950-1956 (seven-novel series) The Chronicles of Narnia
96%
William Shakespeare c. 1591 The Two Gentlemen of Verona
95%
Brothers Grimm 1812 (Kinder- und Hausmärchen) Children’s and Household Tales
93%
D. H. Lawrence 1928 Lady Chatterley’s Lover
83%
Umberto Eco 1980 (Il nome della rosa) The Name of the Rose
83%
Agatha Christie 1939 And Then There Were None
81%
various authors c. 6th century BCE-2nd century CE The Bible
79%
Richard Adams 1972 Watership Down
75%
Philip Pullman 1995-2000 (trilogy, published serially) His Dark Materials
73%
Vyasa compiled c. 3rd century BCE-c. 4th century CE (महाभारतम्) Mahābhārata
71%
Gillian Flynn 2012 Gone Girl
66%
Madeleine L’Engle 1962 A Wrinkle in Time
63%
Patricia Highsmith 1955 The Talented Mr. Ripley
63%
Chimamanda Ngozi Adichie 2013 Americanah
52%
David Foster Wallace 1996 Infinite Jest
50%
Tim O’Brien 1990 The Things They Carried
35%
Jennifer Egan 2010 A Visit from the Goon Squad
33%
Marilynne Robinson 2004 Gilead
30%
Edward P. Jones 2003 The Known World
27%
William Maxwell 1979 So Long, See You Tomorrow
26%
No matching quizzes found
Score Distribution
Percent of People with Each Score
Percentile by Number Answered
Your Score History
You have not taken this quiz